000 00947nam a2200241 a 4500
005 20210803155148.0
008 120830s2019 iaua|||gr|||| 00| 0 eng d
020 _a9781524968540
040 _aCO-BoUCM
_bspa
_cDeissy Garcia
_dDeissy Garcia
041 0 _aeng
245 0 3 _aAn introduction to the aquatic insects of North America
_cedición R.W. Merritt, K.W. Cummins, M.B. Berg.
250 _a5a.Ed.
260 _aDubuque, IA
_bKendall Hunt
_c2019
300 _axviii, 1480 páginas
_bilustraciones
504 _aIncluye referencias bibliográficas e índices
650 7 _aInsectos acuáticos
_zAmérica del Norte
_9104418
650 7 _aInvertebrados acuáticos
_zAmérica del Norte
_9104419
700 1 _aMerrill, Richard W.
_eeditor
_9104420
700 1 _aCummins, Kenneth W.
_eeditor
_9104421
700 1 _aBerg, M. B.
_eeditor
_9104422
942 _cLIBRO
_2DEWEY
_a25
_e5
_h595.705263
_mI619
_n0
999 _c318915
_d318915